000 00467nam a2200169 4500
003 SEACOMMC
005 20250425130802.0
008 241125b |||||||| |||| 00| 0 eng d
020 _a978-0-88730-615-0
_cRs.325.00
040 _aSEACOMMC
082 _a 658
_bD 794
100 _aDrucker, Peter F
245 1 _aManagement Tasks, Responsibilities, Practices
_c Peter F Drucker
260 _aKolkata
_bAllied Publishers
_c 2004
650 _a Management
942 _cBOOK
999 _c791
_d791